|
|
|
|
| LEADER |
00000naa0a2200000 4500 |
| 001 |
655494 |
| 005 |
20250912144210.0 |
| 035 |
|
|
|a (RuTPU)RU\TPU\network\21623
|
| 035 |
|
|
|a RU\TPU\network\21622
|
| 090 |
|
|
|a 655494
|
| 100 |
|
|
|a 20170906d2017 k||y0rusy50 ba
|
| 101 |
0 |
|
|a eng
|
| 102 |
|
|
|a KZ
|
| 135 |
|
|
|a drgn ---uucaa
|
| 181 |
|
0 |
|a i
|
| 182 |
|
0 |
|a b
|
| 200 |
1 |
|
|a Synthesis of phosphorylated urea derivatives
|f S. I. Gorbin, A. A. Bakibaev, А. О. Zorin
|
| 203 |
|
|
|a Text
|c electronic
|
| 225 |
1 |
|
|a Synthesis of new chemical materials and their application
|
| 300 |
|
|
|a Title screen
|
| 320 |
|
|
|a [References: p. 71 (2 tit.)]
|
| 463 |
|
1 |
|t Theoretical and experimental chemistry
|o proceedings VI th International scientific conference (EXPO-2017), June 15-17, 2017 , Karaganda
|v [P. 71]
|d 2017
|
| 610 |
1 |
|
|a электронный ресурс
|
| 610 |
1 |
|
|a труды учёных ТПУ
|
| 610 |
1 |
|
|a спектроскопия
|
| 610 |
1 |
|
|a соединения
|
| 610 |
1 |
|
|a мочевина
|
| 610 |
1 |
|
|a бактерицидная активность
|
| 610 |
1 |
|
|a ингибиторы
|
| 700 |
|
1 |
|a Gorbin
|b S. I.
|
| 701 |
|
1 |
|a Bakibaev
|b A. A.
|c Russian chemist
|c Professor of TPU, doctor of chemical sciences
|f 1960-
|g Abdigali Abdimanapovich
|3 (RuTPU)RU\TPU\pers\27851
|
| 701 |
|
1 |
|a Zorin
|b А. О.
|
| 712 |
0 |
2 |
|a Национальный исследовательский Томский политехнический университет (ТПУ)
|b Институт природных ресурсов (ИПР)
|b Кафедра физической и аналитической химии (ФАХ)
|3 (RuTPU)RU\TPU\col\18656
|
| 801 |
|
2 |
|a RU
|b 63413507
|c 20170925
|g RCR
|
| 856 |
4 |
|
|u http://ksu.kz/file/univer/podrasdelenia/fxmi/1.pdf#page=72
|
| 942 |
|
|
|c CF
|